Normal view
MARC view
- Kiencke Uwe
Entry Personal Name
001 - CONTROL NUMBER
- control field: 124698
003 - CONTROL NUMBER IDENTIFIER
- control field: NUST
005 - DATE AND TIME OF LATEST TRANSACTION
- control field: 20240722114100.0
008 - FIXED-LENGTH DATA ELEMENTS
- fixed length control field: 240722|| aca||aabn | a|a d
040 ## - CATALOGING SOURCE
- Original cataloging agency: NUST
- Transcribing agency: NUST
100 ## - HEADING--PERSONAL NAME
- Personal name: Kiencke Uwe
670 ## - SOURCE DATA FOUND
- Source citation: Work cat.: (NUST): Kiencke Uwe, Automotive Control Systems , 2005.
